000 00657nam a2200253Ia 4500
003 OSt
005 20220918195539.0
006 a|||||r|||| 00| 0
007 ta
008 220917b |||||||| |||| 00| 0 eng d
024 _a85,286
037 _cTextual
040 _aARTS
_cARTS
_beng
041 _2eng
_aeng
082 _aT:3(P), L3
100 _aDoughty P
_990571
245 0 _aLanguage study the teacher and the learner
260 _aLondon
_bEdward
_c1973
300 _a92p.
_ccm.
650 _aEDUCATION
700 _a Thornton G
_990572
942 _hT:3(P), L3
_cTEXL
_2CC
999 _c208999
_d208999